Loading...
| Ancient History and Archaeology | 3 | 16.67 | 0% | 67% | 100% |
| Beliefs | 10 | 20.00 | 50% | 80% | 70% |
| British and Commonwealth History | 4 | 20.00 | 75% | 75% | 50% |
| Current Events | 1 | 30.00 | 100% | 100% | 100% |
| Fine Arts - Auditory | 5 | 18.00 | 40% | 60% | 80% |
| Fine Arts - Visual | 5 | 24.00 | 40% | 100% | 100% |
| Geography | 2 | 10.00 | 50% | 0% | 50% |
| History - American | 4 | 15.00 | 75% | 75% | 0% |
| History - European | 5 | 18.00 | 60% | 80% | 40% |
| History - World | 5 | 16.00 | 80% | 60% | 20% |
| Literature - American | 3 | 13.33 | 0% | 100% | 33% |
| Literature - British | 8 | 18.75 | 50% | 75% | 63% |
| Literature - European | 4 | 20.00 | 50% | 50% | 100% |
| Other Academic | 1 | 20.00 | 0% | 100% | 100% |
| Other Arts: Auditory | 2 | 25.00 | 100% | 100% | 50% |
| Other Arts: Visual | 1 | 10.00 | 0% | 100% | 0% |
| Other Science: Astronomy | 1 | 10.00 | 0% | 100% | 0% |
| Other Science: Computer Science | 3 | 13.33 | 33% | 67% | 33% |
| Other Science: Earth Science | 2 | 20.00 | 100% | 50% | 50% |
| Other Science: Math | 1 | 20.00 | 100% | 0% | 100% |
| Philosophy | 7 | 21.43 | 57% | 71% | 86% |
| Science - Biology | 4 | 20.00 | 75% | 75% | 50% |
| Science - Chemistry | 5 | 20.00 | 80% | 40% | 80% |
| Science - Physics | 4 | 22.50 | 50% | 75% | 100% |
| Social Science | 8 | 17.50 | 50% | 63% | 63% |
| World and Other Literature | 3 | 23.33 | 67% | 100% | 67% |